| Tag |
First Indicator |
Second Indicator |
Subfields |
| LEADER |
00000cam a22000001 4500 |
| 001 |
in00000710621 |
| 005 |
20230706131151.0 |
| 008 |
830801s1956 nyua b 000 0 eng |
| 010 |
|
|
|a 57008390
|
| 015 |
|
|
|a GB5617415
|2 bnb
|
| 016 |
7 |
|
|a CAT10914069
|2 DNAL
|
| 016 |
7 |
|
|a 009652913
|2 Uk
|
| 019 |
|
|
|a 4692096
|
| 029 |
1 |
|
|a AU@
|b 000002839657
|
| 029 |
1 |
|
|a NLGGC
|b 83259766X
|
| 029 |
1 |
|
|a NZ1
|b 3441646
|
| 029 |
1 |
|
|a UKMGB
|b 009652913
|
| 035 |
|
|
|a (OCoLC)ocm01614026
|
| 035 |
|
|
|a (OCoLC)1614026
|z (OCoLC)4692096
|
| 035 |
|
|
|a (OCoLC)ocm01614026
|
| 040 |
|
|
|a DLC/ICU
|b eng
|c CGU
|d DLC
|d AGL
|d OCLCG
|d UPM
|d EYM
|d OCLCF
|d OCLCQ
|d OCLCO
|d OCLCQ
|d PAU
|d HUELT
|d UKMGB
|d OCLCQ
|d OCLCO
|
| 050 |
0 |
0 |
|a TA455.P5
|b R6
|
| 070 |
0 |
|
|a 386
|b R623
|
| 072 |
|
0 |
|a X500
|
| 082 |
0 |
4 |
|a 620.19
|
| 100 |
1 |
|
|a Roff, W. J.
|q (William John)
|
| 245 |
1 |
0 |
|a Fibres, plastics, and rubbers;
|b a handbook of common polymers.
|
| 260 |
|
|
|a New York,
|b Academic Press,
|c 1956.
|
| 300 |
|
|
|a 400 pages
|b illustrations
|c 23 cm
|
| 336 |
|
|
|a text
|b txt
|2 rdacontent
|
| 337 |
|
|
|a unmediated
|b n
|2 rdamedia
|
| 338 |
|
|
|a volume
|b nc
|2 rdacarrier
|
| 500 |
|
|
|a Later ed. (London, Butterworths, 1971) published under title: Fibres, films, plastics, and rubbers: a handbook of common polymers.
|
| 530 |
|
|
|a Also issued online.
|
| 504 |
|
|
|a Includes bibliographical references.
|
| 650 |
|
0 |
|a Plastics.
|
| 650 |
|
0 |
|a Rubber.
|
| 650 |
|
0 |
|a Textile fibers, Synthetic.
|
| 650 |
|
2 |
|a Plastics
|
| 650 |
|
2 |
|a Rubber
|
| 650 |
|
3 |
|a polymers.
|
| 650 |
|
6 |
|a Matières plastiques.
|
| 650 |
|
6 |
|a Caoutchouc.
|
| 650 |
|
6 |
|a Fibres textiles synthétiques.
|
| 650 |
|
7 |
|a rubber (material)
|2 aat
|
| 650 |
|
7 |
|a synthetic fiber.
|2 aat
|
| 650 |
|
7 |
|a Plastics.
|2 fast
|0 (OCoLC)fst01066542
|
| 650 |
|
7 |
|a Rubber.
|2 fast
|0 (OCoLC)fst01100868
|
| 650 |
|
7 |
|a Textile fibers, Synthetic.
|2 fast
|0 (OCoLC)fst01148808
|
| 776 |
0 |
8 |
|i Online version:
|a Roff, W.J. (William John).
|t Fibres, plastics, and rubbers.
|d New York, Academic Press, 1956
|w (OCoLC)570722028
|
| 948 |
|
|
|h NO HOLDINGS IN TXA - 91 OTHER HOLDINGS
|
| 994 |
|
|
|a Z0
|b TXA
|
| 999 |
f |
f |
|s 56113582-9f7c-3425-86c0-3d2fbb71e0f7
|i 7af99804-06d0-3526-aa03-c62c8f4263cd
|t 0
|
| 952 |
f |
f |
|p ric
|a Texas A&M University
|b Rellis Campus
|c Joint Library Facility
|d Remote Storage
|t 0
|e TA455.P5 .R6
|h Library of Congress classification
|i unmediated -- volume
|m A14801118316
|
| 998 |
f |
f |
|a TA455.P5 .R6
|t 0
|l Remote Storage
|